Лес за деревьями: рассказы о том, чего мы не знаем, но хотели бы знать о капиталистическом обществе

Bibliographische Detailangaben
1. Verfasser: Цветов В. Я. Владимир Яковлевич
Weitere Verfasser: Зубов В. М. Владислав Мартинович (составитель), Левин В. Н. Виктор Николаевич
Sprache:Russisch
Veröffentlicht: Москва, Знание, 1991
Schlagworte:
Format: Buch
KOHA link:https://koha.lib.tpu.ru/cgi-bin/koha/opac-detail.pl?biblionumber=203660

MARC

LEADER 00000nam0a2200000 4500
001 203660
005 20231031185701.0
010 |a 507000699X 
020 |a RU  |b 91-34703 
035 |a (RuTPU)RU\TPU\book\221950 
090 |a 203660 
100 |a 20111110d1991 m a0rusy5003 ca 
101 0 |a rus 
102 |a RU 
105 |a y z 000zy 
200 1 |a Лес за деревьями  |e рассказы о том, чего мы не знаем, но хотели бы знать о капиталистическом обществе  |f В. Я. Цветов, В. М. Зубов, В. Н. Левин  |g сост. В. Н. Левин 
210 |a Москва  |c Знание  |d 1991 
215 |a 304 с.  |c ил.  |d 20 см 
327 1 |a Содерж.: Япония: свет и тени научно-технической революции / В. Цветов. ФРГ: как они живут / В. Левин. Одинокая толпа?: о США / В. Зубок 
610 1 |a США 
610 1 |a Япония 
610 1 |a Федеративная Республика Германии 
610 1 |a 20 век 
610 1 |a капиталистическое общество 
700 1 |a Цветов  |b В. Я.  |g Владимир Яковлевич 
701 1 |a Зубов  |b В. М.  |g Владислав Мартинович 
701 1 |a Левин  |b В. Н.  |g Виктор Николаевич 
702 1 |a Левин  |b В. Н.  |g Виктор Николаевич  |4 220 
801 0 |a RU  |b RuMRKP  |c 19950417  |g psbo 
801 1 |a RU  |b 63413507  |c 20111110 
801 2 |a RU  |b 63413507  |c 20111111  |g RCR 
942 |c BK